| 000 -LEADER |
| fixed length control field |
00334nam a22001217a 4500 |
| 008 - FIXED-LENGTH DATA ELEMENTS--GENERAL INFORMATION |
| fixed length control field |
250903b ||||| |||| 00| 0 eng d |
| 020 ## - INTERNATIONAL STANDARD BOOK NUMBER |
| International Standard Book Number |
9781339012179 |
| 082 ## - DEWEY DECIMAL CLASSIFICATION NUMBER |
| Classification number |
823.087 ALE |
| 100 ## - MAIN ENTRY--PERSONAL NAME |
| Personal name |
ALEXANDER,K.R |
| Relator term |
AUTHOR |
| Language of a work |
ENGLISH |
| 245 ## - TITLE STATEMENT |
| Title |
DEAD GIRL'S DIARY |
| 260 ## - PUBLICATION, DISTRIBUTION, ETC. |
| Place of publication, distribution, etc. |
557 BROADWAY,NEW YORK,NY 10012 |
| Name of publisher, distributor, etc. |
SCHOLASTIC INC |
| Date of publication, distribution, etc. |
2024 |
| 942 ## - ADDED ENTRY ELEMENTS (KOHA) |
| Source of classification or shelving scheme |
|